Orígenes del mundo medieval

Guardado en:
Detalles Bibliográficos
Autor principal: Bark, William Caroll (Autor)
Formato: Libro
Lenguaje:español
Publicado: Buenos Aires EUDEBA 1978
Edición:2a. ed
Colección:Temas
Materias:
Etiquetas: Agregar Etiqueta
Sin Etiquetas, Sea el primero en etiquetar este registro!

MARC

LEADER 00000cam a2200000 a 4500
001 UCD5700
003 CL-VaPUC
008 160930e19780000ag |||||||||||||||||spa|d
082 0 4 |a 940.1  |b BAR  |2 21 
100 0 |a Bark, William Caroll  |e author  |9 589476 
245 1 0 |a Orígenes del mundo medieval 
250 |a 2a. ed 
300 |a 149 p 
942 |c BK 
945 |d 20160930 08:06:00  |a dcastane 
260 |a Buenos Aires  |b EUDEBA  |c 1978 
650 0 |a Historia de Europa  |9 392003 
650 0 |a Edad media  |9 258041 
650 7 |a ORIGENES DE ROMA  |2 CL-VaPUC  |9 458493 
583 |a last modification  |c 20160930 08:06:00  |k Rodrigo Vera 
490 0 |a Temas 
999 |c 366296  |d 366294 
952 |0 0  |1 0  |3 erb  |4 0  |6 940_100000000000000_BAR_1978  |7 0  |8 A  |9 480433  |a BIBHIS  |b BIBHIS  |i 5343593  |l 3  |o 940.1 BAR 1978  |p 5343593  |r 2025-01-20  |s 2023-01-10  |w 2019-11-24  |y BK  |z Catalogado en:20160930  |k HIS